El desarrollo económico de Costa Rica: sector público de la economía costarricense /
Salvato in:
| Ente Autore: | |
|---|---|
| Natura: | testo |
| Tags: |
Aggiungi Tag
Nessun Tag, puoi essere il primo ad aggiungerne!!
|
MARC
| LEADER | 00000 a a2200000 04500 | ||
|---|---|---|---|
| 001 | 42854 | ||
| 003 | |||
| 040 | |||
| 110 | |a Proyecto de Investigación del Desarrollo Económico de Costa Rica | ||
| 245 | |a El desarrollo económico de Costa Rica: |b sector público de la economía costarricense / |c Proyecto de Investigación del Desarrollo Económico de Costa Rica | ||
| 500 | |a Fecha de publicación 1961 | ||
| 773 | |g volumen1, número 4, 107 páginas : tablas, gráficos | ||
| 999 | |c 27704 |d 27704 | ||
